| 000 | 00593nam a2200217 a 4500 | ||
|---|---|---|---|
| 005 | 20140310183245.0 | ||
| 008 | 040831s19uu xx 00 eng d | ||
| 020 | _a0-13-121276-1 | ||
| 050 |
_aHF 5415 _b.K89 2004 |
||
| 100 | _aKotler, Philip. | ||
| 245 |
_aPrinciples of marketing / _cPhilip Kotler. |
||
| 250 | _a10th ed. | ||
| 260 |
_aNew Jersey : _bPrentice Hall, _c2004. |
||
| 300 |
_a1-19 p. : _bill. col. ; _c24 cm. |
||
| 500 | _aIncludes glossary and index. | ||
| 521 | _aBSBA | ||
| 650 | _aMarketing. | ||
| 700 | _aArmstrong, Gary | ||
| 942 |
_cBK _2lcc _kFOR |
||
| 999 |
_c20682 _d20682 |
||